Symbolika uhorského Dračieho rádu vo vzťahu k erbu mesta Michalovce

Bibliographic Details
Main Author: Graus, Igor, 1960-2020 (Author)
Format: Article
Language:Slovak
PhysicalDescription:Obr. 1, lit. v pozn.
ISSN:1335-0137
Subjects:
Online Access:http://www.genealogy-heraldry.sk/pdf/GHH1996_1.pdf

MARC

LEADER 00000nab a2200000 a 4500
001 vtls000580061
003 SK-MaSNL
005 20260304102020.0
008 250425c1996 xo 0 slo
015 |a SNBRB19rr/mm-uuuuu 
035 |a CL0580199 
035 |a urn:nbn:sk:snk-ab7a8i 
035 |a (uuid)2c2ecf78-0abc-45f3-b5b5-92548b366496 
035 |a (urnnbn)urn:nbn:sk:snk:ar-a07dcw 
035 |a (sysno)vtls000580061 
040 |a SNKBUCL  |b slo  |c SNKBUCL  |e AACR2 
041 0 |a slo 
044 |a xo  |c SK 
080 |a 929.6(437.674):929.71(439.2)  |2 1981 
080 |a 929.71(439.2)  |2 1981 
100 1 |a Graus, Igor,  |d 1960-2020  |4 aut  |9 101374 
245 1 0 |a Symbolika uhorského Dračieho rádu vo vzťahu k erbu mesta Michalovce  |c Igor Graus 
300 |b Obr. 1, lit. v pozn. 
610 2 7 |a Dračí rád  |2 snkbucl  |9 30718 
650 0 7 |a erby  |2 snkbucl  |9 18910 
650 0 7 |a mestské erby  |2 snkbucl  |9 57249 
651 7 |a Michalovce (Slovensko)  |2 snkbucl  |9 22487 
655 7 |a štúdie  |2 snkbucl  |9 57033 
655 7 |a články z novín a časopisov  |2 snkbucl  |9 267496 
773 0 |t Genealogicko-heraldický hlas  |g Roč. 6, č. 1 (1996), s. 5-10  |x 1335-0137 
850 |a Slovenská národná knižnica 
852 |a Slovenská národná knižnica 
856 4 1 |u http://www.genealogy-heraldry.sk/pdf/GHH1996_1.pdf 
954 |a odborná, vedecká literatúra pôvodná (slovenská)  |2 lita 
958 |a article27 
958 |a NB 
958 |a OND 
958 |a EUIPO 
992 |a RBX 
999 |c 2843721  |d 2845651